000 00696nam a2200217Ii 4500
003 JO-AjNU
008 230605s9999||||xx |||||||||||||| ||und||
017 _a2008/15453
020 _a977-388-232-2
040 _aJO-AjNU
_bara
_erda
_cJO-AjNU
041 _aara
050 1 4 _aT58.6 2009
100 3 _aملوخية ، احمد فوزي,
_eauthor
_932233
245 0 0 _aنظم المعلومات الادارية
264 3 1 _aالاسكندرية :مركز الاسكندرية للكتاب
300 _a306ص
336 _atext
_btxt
_2rdacontent
337 _aunmediated
_bn
_2rdamedia
338 _avolume
_bnc
_2rdacarrier
650 4 _aنظم المعلومات الادارية
_932234
999 _aA12987
_c16555
_d16555